|
|
|
|
| LEADER |
03025nam a2200745 i 4500 |
| 001 |
nkc20203267190 |
| 003 |
CZ PrNK |
| 005 |
20210428104137.0 |
| 007 |
ta |
| 008 |
201130s2020 xr a e c 000 0 cze |
| 015 |
|
|
|a cnb003267190
|
| 020 |
|
|
|a 978-80-270-8866-9
|q (vázáno)
|
| 035 |
|
|
|a (OCoLC)1245648379
|
| 040 |
|
|
|a ABA001
|b cze
|e rda
|
| 041 |
1 |
|
|a cze
|a eng
|b eng
|h cze
|
| 043 |
|
|
|a e-xr---
|
| 045 |
|
|
|a y-y-
|
| 072 |
|
7 |
|a 75
|x Malířství
|2 Konspekt
|9 21
|
| 080 |
|
|
|a 75(437.3)
|2 MRF
|
| 080 |
|
|
|a 75.038
|2 MRF
|
| 080 |
|
|
|a 159.955.3
|2 MRF
|
| 080 |
|
|
|a 7.01/.09
|2 MRF
|
| 080 |
|
|
|a (437.3)
|2 MRF
|
| 080 |
|
|
|a (083.824)
|2 MRF
|
| 080 |
|
|
|a (0:82-4)
|2 MRF
|
| 100 |
1 |
|
|a Těthalová, Gabriela,
|d 1988-
|7 jo20211105411
|4 ill
|
| 245 |
1 |
0 |
|a Φ /
|c Gabriela Těthalová, Eva Skopalová ; autoři textů: T.J. Clark, Clement Greenberg, David Joselit, Eva Skopalová ; překlady z angličtiny: Magdalena Jadwiga Härtelová, Martin Micka, Eva Skopalová
|
| 246 |
3 |
|
|a Fí
|
| 246 |
1 |
8 |
|a G. Těthalová, E. Skopalová
|
| 250 |
|
|
|a Vydání první
|
| 264 |
|
1 |
|a Pardubice :
|b Centrum pro otevřenou kulturu, p.o.,
|c 2020
|
| 300 |
|
|
|a cvii stran :
|b ilustrace (převážně barevné) ;
|c 23 cm
|
| 336 |
|
|
|a text
|b txt
|2 rdacontent
|
| 336 |
|
|
|a statický obraz
|b sti
|2 rdacontent
|
| 337 |
|
|
|a bez média
|b n
|2 rdamedia
|
| 338 |
|
|
|a svazek
|b nc
|2 rdacarrier
|
| 500 |
|
|
|a Publikace vydaná u příležitosti výstavy Gabriela Těthalová/Apokatastasis & Fuga per canonem, GAMPA - Galerie města Pardubic, Pardubice, 8.10.-29.11.2020 (web)
|
| 504 |
|
|
|a Obsahuje bibliografické odkazy
|
| 546 |
|
|
|a Částečně souběžný anglický text, anglické resumé
|
| 600 |
1 |
7 |
|a Těthalová, Gabriela,
|d 1988-
|7 jo20211105411
|2 czenas
|
| 648 |
|
7 |
|a 21. století
|7 ch460559
|2 czenas
|
| 650 |
0 |
7 |
|a české malířství
|7 ph116864
|y 21. století
|2 czenas
|
| 650 |
0 |
7 |
|a abstraktní malířství
|7 ph118245
|z Česko
|2 czenas
|
| 650 |
0 |
7 |
|a abstrakce
|7 ph202178
|x teorie
|2 czenas
|
| 650 |
0 |
7 |
|a teorie umění
|7 ph126574
|2 czenas
|
| 650 |
0 |
9 |
|a Czech painting
|y 21st century
|2 eczenas
|
| 650 |
0 |
9 |
|a abstract painting
|z Czechia
|2 eczenas
|
| 650 |
0 |
9 |
|a abstraction
|x theory
|2 eczenas
|
| 650 |
0 |
9 |
|a theory of art
|2 eczenas
|
| 655 |
|
7 |
|a katalogy výstav
|7 fd132536
|2 czenas
|
| 655 |
|
7 |
|a eseje
|7 fd132213
|2 czenas
|
| 655 |
|
9 |
|a exhibition catalogs
|2 eczenas
|
| 655 |
|
9 |
|a essays
|2 eczenas
|
| 700 |
1 |
|
|a Skopalová, Eva,
|d 1991-
|7 hka2017955416
|4 aut
|4 trl
|
| 700 |
1 |
|
|a Clark, T. J.
|q (Timothy J.),
|d 1943-
|7 jn20030828040
|4 aut
|
| 700 |
1 |
|
|a Greenberg, Clement,
|d 1909-1994
|7 jn20000602379
|4 aut
|
| 700 |
1 |
|
|a Joselit, David
|7 xx0143730
|4 aut
|
| 700 |
1 |
|
|a Härtelová, Magdalena Jadwiga,
|d 1991-
|7 ola2014804980
|4 trl
|
| 700 |
1 |
|
|a Micka, Martin,
|d 1975-
|7 pna2015873309
|4 trl
|
| 710 |
2 |
|
|a Galerie města Pardubic
|7 pag2013789740
|4 orm
|
| 910 |
2 |
|
|a BOA001
|b 2-1461.095
|
| 990 |
|
|
|a BK
|
| 995 |
|
|
|a 01
|
| 991 |
|
|
|b 202104
|c NOV
|
| 996 |
6 |
|
|b 2610854663
|c 2-1461.095
|l MZK
|r Sklad / do 1 hodiny
|n 2
|p p.v.
|w 001841752
|u 000010
|a 1
|e BOA001
|j MZK50
|s P
|